000 00768cam a22002653a 4500
001 24011
003 PGUSA
005 20140828083519.0
008 071224s2007||||xxu|||||s|||||000 p eng d
040 _aPGUSA
_beng
042 _adc
050 4 _aPZ
100 1 _aTurner, Nancy Byrd,
_d1880-
245 1 0 _aZodiac Town :
_bThe Rhymes of Amos and Ann
_h[electronic resource] /
_cNancy Byrd Turner
260 _bProject Gutenberg,
_c2007
506 _aPublic domain in the USA.
516 _aElectronic text
653 _aMonths -- Juvenile poetry
653 _aChildren's poetry
653 _aPoetry -- Juvenile fiction
700 1 _aBromhall, Winifred
830 0 _aProject Gutenberg
_v24011
856 4 0 _uhttp://www.gutenberg.org/ebooks/24011
942 _cEB
999 _c253266
_d253266